000 00832nam a2200241 i 4500
001 42932
003 ES-MaACL
005 20250728095343.0
007 t|
008 030314s1975 sp ||||1| spa d
080 _a929 Castro, Fernando de
080 _a261.7
100 1 _aCastro, Fernando de,
_d1814-1874
_9150497
245 1 0 _aMemoria testamentaria
_b: el problema del catolicismo liberal /
_cFernando de Castro ; edición, introducción y notas de José Luis Abellán.
260 _a[Madrid] :
_bCastalia,
_c[1975]
300 _a126 p. ;
_c19 cm.
490 1 _aBiblioteca del pensamiento
650 7 _aLiberalismo (Religión)
_2embne
_9150500
700 1 _aAbellán, José Luis,
_d1933-2023
_9176509
830 0 _aBiblioteca del pensamiento
_9176521
852 _aES-MaACL
_jE-8203
999 _c42932
_d42932